|
|
|
|
| LEADER |
00000nab a2200000 a 4500 |
| 001 |
vtls000169958 |
| 003 |
SK-MaSNL |
| 005 |
20260304065709.0 |
| 008 |
250422c1983 xo 0 slo |
| 015 |
|
|
|a SNBRB19rr/mm-uuuuu
|
| 035 |
|
|
|a CL0180069
|
| 035 |
|
|
|a urn:nbn:sk:snk-abbd2a
|
| 035 |
|
|
|a (urnnbn)urn:nbn:sk:snk:ar-a09sa3
|
| 035 |
|
|
|a (uuid)f57125df-08ec-4c8c-80c2-d9f5bf0c6b60
|
| 040 |
|
|
|a SNKBUCL
|b slo
|c SNKBUCL
|e AACR2
|
| 041 |
0 |
|
|a cze
|
| 044 |
|
|
|a xo
|c SK
|
| 080 |
|
|
|a 532:517.3
|2 1981
|
| 080 |
|
|
|a 517.3
|2 1981
|
| 080 |
|
|
|a 532.12
|2 1981
|
| 080 |
|
|
|a 627.84
|2 1981
|
| 080 |
|
|
|a 539.89
|2 1981
|
| 100 |
1 |
|
|a Fischer, Vladimír
|4 aut
|9 229928
|
| 245 |
1 |
0 |
|a Proudění stlačitelných tekutin potrubím při velkých tlakových spádech
|c Vladimír Fischer
|
| 300 |
|
|
|b Sch. 3. Res. rus., angl., lit. 12 zázn. v češ., ruš., nem., angl.
|
| 650 |
0 |
7 |
|a potrubia
|2 snkbucl
|9 14318
|
| 650 |
0 |
7 |
|a prúdenie
|2 snkbucl
|9 957893
|
| 655 |
|
7 |
|a články z novín a časopisov
|2 snkbucl
|9 267496
|
| 773 |
0 |
|
|t Strojnícky časopis
|g Roč. 34, č. 6 (1983), s. 677-691
|
| 850 |
|
|
|a Slovenská národná knižnica
|
| 852 |
|
|
|a Slovenská národná knižnica
|
| 958 |
|
|
|a article15
|
| 958 |
|
|
|a NB
|
| 958 |
|
|
|a RK
|
| 958 |
|
|
|a CZ
|
| 958 |
|
|
|a OND
|
| 958 |
|
|
|a EUIPO
|
| 992 |
|
|
|a RBX
|
| 999 |
|
|
|c 2752049
|d 2753979
|